| 000 | 00467cam a22001331 4500 | ||
|---|---|---|---|
| 082 | 0 | 0 |
_a940.5409 _bRYA _cL-30-II, P-63 |
| 100 | 1 |
_aRyan, Cornelius. _946236 |
|
| 245 | 1 | 4 | _aThe longest day: June 6, 1944. |
| 260 |
_aNew York, _bSimon and Schuster, _c1959. |
||
| 300 |
_a350 p. _billus., ports., col. maps (on lining papers) _c24 cm. |
||
| 526 |
_a0 _b0 _c0 _d940_540900000000000_RYA |
||
| 650 | 0 |
_aWorld War, 1939-1945 _xCampaigns _zFrance _zNormandy. _949100 |
|
| 942 |
_2ddc _cBK |
||
| 999 |
_c551931 _d551931 |
||